| 000 | 00456nam a22001697a 4500 | ||
|---|---|---|---|
| 003 | OSt | ||
| 005 | 20140311134813.0 | ||
| 008 | 130607t xxu||||| |||| 00| 0 eng d | ||
| 022 | _20198605056 | ||
| 050 |
_aPE 1471 _b.M928 2002 |
||
| 082 |
_aM 808.042 _bM86 2002 |
||
| 245 |
_aEssays and dissertations / _cMounsey, Chris |
||
| 260 |
_aOxford : _bOxford University Press, _c2002 |
||
| 300 |
_a128 p. : _c21 cm. |
||
| 942 |
_2lcc _cBK _kM |
||
| 999 |
_c35854 _d35854 |
||